01359cam a2200265 a 450000100090000000300040000900500170001300800410003002000180007102000150008903500240010404000340012804200140016205000150017608200120019110000230020324500750022625000120030126000430031330000500035650400650040650505680047165000300103970000240106916463888OSt20231031163355.0100917s2012 at a b 001 0 eng d a9781133359975 a1133359973 a(OCoLC)ocn701722481 aIXAcLCdIXAdYDXCPdBWXdDLC alccopycat00aBF713.S53 04a1552211 aSigelman, Carol K.10aLife-span human development. /cCarol K. Sigelman, Elizabeth A. Rider. a2nd ed. aMason, Ohio:bCengage Learning,c2011. axxvi, 575 p. :bill. (chiefly col.) ;c29 cm. aIncludes bibliographical references (p. R-1-77) and indexes. aContents: Understanding life-span human development -- Theories of human development -- Genes, environment and development -- Prenatal development and birth -- Health and physical development -- Sensation, perception and attention -- Cognition -- Memory and information processing -- Intelligence and creativity -- Language and education -- Self and personality -- Gender roles and sexuality -- Social cognition and moral development -- Attachment and social relationships -- The Family -- Developmental psychopathology -- The Final challenge: death and dying --  0aDevelopmental psychology.1 aRider, Elizabeth A.